Statistics for NFL teams oldest living QB

Click here to take the quiz!

General Stats

  • This quiz has been taken 15 times
  • The average score is 6 of 32

Answer Stats

TeamAgePlayer% Correct
Steelers87Len Dawson
58%
Cowboys80Roger Staubach
58%
Commanders87Sonny Jurgensen
50%
Eagles87Sonny Jurgensen
50%
49ers86John Brodie
42%
Titans83Charley Johnson
33%
Broncos83Charley Johnson
33%
Seahawks69Jim Zorn
33%
Chargers82John Hadl
33%
Packers82John Hadl
33%
Ravens58Vinny Testaverde
25%
Cardinals100Charley Trippi
17%
Rams85Frank Ryan
17%
Vikings84Joe Kapp
17%
Bears97Johnny Lujack
17%
Jaguars57Steve Buerlein
17%
Saints82Billy Kilmer
8%
Raiders90Cotton Davidson
8%
Colts90Cotton Davidson
8%
Chiefs90Cotton Davidson
8%
Browns87Milt Plum
8%
Lions87Milt Plum
8%
Buccaneers77Steve Spurrier
8%
Falcons80Bob Berry
0%
Bengals77Dewey Warren
0%
Panthers60Frank Reich
0%
Jets81Galen Hall
0%
Dolphins80George Mira
0%
Giants82Norm Snead
0%
Bills85Tom Flores
0%
Patriots84Tom Greene
0%
Texans49Tony Banks
0%

Score Distribution

Percentile by Number Answered

Percent of People with Each Score

Your Score History

You have not taken this quiz